Malaysia Cup winners - Statistics

General Stats
  • This quiz has been taken 10 times
  • The average score is 67 of 98
Answer Stats
Year Answer % Correct
1985 Johor
88%
1991 Johor
88%
2010 Kelantan
88%
2012 Kelantan
88%
1983 Pahang
88%
1992 Pahang
88%
2013 Pahang
88%
2014 Pahang
88%
1922 Selangor
88%
1927 Selangor
88%
1935 Selangor
88%
1936 Selangor
88%
1938 Selangor
88%
1949 Selangor
88%
1956 Selangor
88%
1961 Selangor
88%
1962 Selangor
88%
1963 Selangor
88%
1966 Selangor
88%
1968 Selangor
88%
1969 Selangor
88%
1971 Selangor
88%
1972 Selangor
88%
1973 Selangor
88%
1975 Selangor
88%
1976 Selangor
88%
1978 Selangor
88%
1979 Selangor
88%
1981 Selangor
88%
1982 Selangor
88%
1984 Selangor
88%
1986 Selangor
88%
1995 Selangor
88%
1996 Selangor
88%
1997 Selangor
88%
2002 Selangor
88%
2005 Selangor
88%
2015 Selangor
88%
1928 Selangor & Singapore
88%
1929 Selangor & Singapore
88%
1990 Kedah
75%
1993 Kedah
75%
2007 Kedah
75%
2008 Kedah
75%
2016 Kedah
75%
1948 Negeri Sembilan
75%
2009 Negeri Sembilan
75%
2011 Negeri Sembilan
75%
1953 Penang
75%
1954 Penang
75%
1958 Penang
75%
1974 Penang
75%
2004 Perlis
75%
2006 Perlis
75%
2001 Terengganu
75%
2021 Kuala Lumpur City
63%
1926 Perak
63%
1931 Perak
63%
1957 Perak
63%
1967 Perak
63%
1970 Perak
63%
1998 Perak
63%
2000 Perak
63%
2018 Perak
63%
2017 Johor Darul Ta'zim
50%
2019 Johor Darul Ta'zim
50%
2022 Johor Darul Ta'zim
50%
2023 Johor Darul Ta'zim
50%
1921 Singapore
50%
1923 Singapore
50%
1924 Singapore
50%
1925 Singapore
50%
1930 Singapore
50%
1932 Singapore
50%
1933 Singapore
50%
1934 Singapore
50%
1937 Singapore
50%
1939 Singapore
50%
1940 Singapore
50%
1941 Singapore
50%
1950 Singapore
50%
1951 Singapore
50%
1952 Singapore
50%
1955 Singapore
50%
1959 Singapore
50%
1960 Singapore
50%
1964 Singapore
50%
1965 Singapore
50%
1977 Singapore
50%
1980 Singapore
50%
1994 Singapore
50%
1999 Brunei
38%
1987 Kuala Lumpur
25%
1988 Kuala Lumpur
25%
1989 Kuala Lumpur
25%
2003 MPPJ FC
25%
2020 Canceled due to Covid-19 Pandemic
0%
1942-1947 Canceled due to World War 2
0%
No matching quizzes found
Score Distribution
Percent of People with Each Score
Percentile by Number Answered
Your Score History
You have not taken this quiz